000 00379nam a2200145Ia 4500
008 230711s9999||||xx |||||||||||||| ||und||
041 _aENG
082 _a677
_bMI-P
100 _aMilnes,AH
245 0 _aPractical guide to spinning mill control and testing
250 _a1st Ed.
260 _c1951
_aNew Delhi
_bMahajan Publication
650 _aTextile Engineering
942 _cBK
999 _c3649
_d3649